| 000 | 03141nam a2200337 i 4500 | ||
|---|---|---|---|
| 003 | DO-SdBNP | ||
| 005 | 20250221141501.0 | ||
| 007 | ta | ||
| 008 | 210623e1999 dr a|||erl||| 001 0 spa d | ||
| 040 |
_aDO-SdBNP _bspa _cBNPHU _erda |
||
| 041 | _hspa | ||
| 082 | 4 |
_a343.72930946 _bC352d _222 |
|
| 100 | 1 |
_aCastillo Pantaleón , Juan Miguel, _eautor _4aut. _954034 |
|
| 245 | 1 | 0 |
_aDerecho del tránsito de la República Dominicana : _bresponsabilidad civil, cronología 1917-1998, legislación vigente, jurisprudencia, guía temática / _cJuan Miguel Castillo Pantaleón ; prólogo, Pedro P. Yermenos Forastieri |
| 250 | _asegunda edición corregida y actualizada. | ||
| 264 | 1 |
_aSanto Domingo : _bAutoridad Metropolitana de Transporte, _c1999. |
|
| 300 |
_a469 páginas : _bilustraciones ; _c23 cm. |
||
| 336 |
_atexto _btxt _2rdacontent |
||
| 337 |
_asin mediación _bn _2rdamedia |
||
| 338 |
_avolumen _bnc _2rdacarrier |
||
| 505 | 0 |
_aPresentación-- _tPrólogo-- _tAlgunas notas sobre responsabilidad civil en materia de accidentes de tránsito-- _tCronología de las disposiciones realtivas al tránsito de vehículos. Primera parte: 1917 - 1969-- _tCronología de las disposiciones relativas al tránsito de vehículos. Segunda parte: 1967 - 1998-- _tLey 241 de tránsito de vehículos-- _tTítulo I, Definiciones-- _tTítulo II, Registro de vehículos de motor y remolque-- _tTítulo III, Licencia de conducir-- _tTítulo IV, Accidentes-- _tTítulo V, disposiciones sobre tránsito y seguridad-- _tTítulo VI, Equipos de los vehículos-- _tTítulo VII, De las dimensiones y peso de los vehículos y de sus cargas-- _tTítulo VIII, Servicio público, urbano e interurbano-- _tTítulo IX, sistema de denuncia y citación simultáneas-- _tTítulo X, Escuela para conductores de vehículos de motor-- _tTítulo XI, Vehículos de motor conducidos por quien lo alquila-- _tTítulo XII, Suspensiones y cancelaciones de licencias y notificaciones de sentencia-- _tTítulo XIII, Uso de la vía pública por los vehículos de motor-- _tTítulo XIV, Disposiciones generales-- _tTítulo XV, disposiciones transitorias-- _tApéndices. Otras disposiciones relativas al tránsito de vehículos en la República Dominicana-- _tApéndice I. Normas sobre señales de tránsito-- _tApéndice II. Normas sobre seguro obligatorio-- _tApéndice III. Normas que crean instituciones reguladoras del tránsito-- _tApéndice VI. Normas sobre conducción y comportamiento vial-- _tApéndice VI. Normas sobre estacionamiento de vehículos-- _tGráfico sobre las principales señales de tránsito-- _tGuía temática de las disposiciones de la ley 241, sobre tránsito de vehículos, sus ,modificaciones y complementos. |
|
| 590 | _aInventariado, 2022/MFF | ||
| 650 | 4 |
_aReglamentos del transito _978971 |
|
| 650 | 4 |
_aResponsabilidad por accidentes de transito _981241 |
|
| 650 | 4 |
_aJurisprudencia Civil-República Dominicana _978972 |
|
| 650 | 4 |
_aReglamento de Tránsito-República Dominicana _978973 |
|
| 650 | 4 |
_aTránsito-Legislación _978974 |
|
| 700 | 1 |
_aPedro P., Yermenos Forastieri, _eprologuista _978975 _4pr. |
|
| 910 | _aValidado. Control de calidad MFF | ||
| 942 |
_2ddc _cLBS1 |
||
| 999 |
_c49990 _d49990 |
||